Films allemands par images - Statistiques

Statistiques générales
  • Ce quiz a été pris 28 fois
  • Le résultat moyen est 6 sur 16
Statistiques - réponses
Par images Réponse % Correct
Nosferatu le vampire
96%
Metropolis
84%
Good Bye, Lenin!
56%
Aguirre, la colère de Dieu
48%
L'Ange Bleu
48%
Le Bateau
48%
Les Ailes du désir
44%
La Vie des autres
40%
Le Cabinet du docteur Caligari
40%
Loulou
20%
Le Triomphe de la volonté
16%
Chronique d'Anna Magdalena Bach
8%
Berlin Alexanderplatz
4%
Jeunes filles en uniforme
4%
La Mort de Maria Malibran
4%
Toni Erdmann
4%
Aucun quiz correspondant
Distribution des résultats
% des personnes avec chaque résultat
Percentile par nombre de réponses
Votre historique - résultats
Vous n’avez pas pris ce quiz